| 000 | 011520000a22002650004500 | ||
|---|---|---|---|
| 003 | EG-GICUC | ||
| 005 | 20250223030024.0 | ||
| 008 | 090805s1979 ua f m 000 0 ara d | ||
| 040 |
_aEG-GiCUC _bara _cEG-GiCUC |
||
| 041 | 0 | _aara | |
| 049 | _aايداع | ||
| 097 | _aدكتوراه | ||
| 099 | _aCai01.04.08.Ph.D.1979.اح.م | ||
| 100 | 0 | _aاحمد محمود جمعه | |
| 245 | 1 | 0 |
_aمبدأ عدم تجزئة مفردات الحساب الجارى فى الفقة والقضاء المصرى والفرنسى : _bدراسة مقارنة / _cاحمد محمود جمعه ؛ اشراف على جمال الدين عوض : سميحه القليوبى |
| 260 |
_aالقاهرة : _bاحمد محمود جمعه : _c1979 |
||
| 300 |
_a384ورقة ؛ _c30سم |
||
| 502 | _aاطروحة(دكتوراه) - جامعة القاهرة - كلية الحقوق - قسم القانون التجارى | ||
| 700 | 0 |
_aسميحه القليوبى : _eمشرف |
|
| 700 | 0 |
_aعلى جمال الدين عوض : _eمشرف |
|
| 856 | _uhttp://172.23.153.220/th.pdf | ||
| 905 |
_aNazla _eRevisor |
||
| 905 |
_aSoheir _eCataloger |
||
| 942 |
_2ddc _cTH |
||
| 999 |
_c25755 _d25755 |
||